00250nam a2200109Ia 4500008004100000245002400041260002200065440000600087521002300093942000700116999001700123140130s9999 xx 000 0 und d cJames, BrianaThief bScholastic,c2008 v1 aGrade 7 - Grade 12 cBK c41369d41369